[Event "CRO-chT1B 28th"]
[Site "Mali Losinj"]
[Date "2019.10.03"]
[Round "6.45"]
[White "Levacic, Patrick"]
[Black "Martic, Zlatko"]
[Result "1/2-1/2"]
[WhiteElo "2245"]
[BlackElo "2283"]
[PlyCount "58"]
[EventDate "2019.09.28"]
[EventType "team-tourn"]
[EventRounds "9"]
[EventCountry "CRO"]
[SourceTitle "EXT 2020"]
[Source "ChessBase"]
[SourceDate "2019.10.17"]
[SourceVersion "1"]
[SourceVersionDate "2019.10.17"]
[SourceQuality "1"]
[WhiteTeam "Dubrovnik"]
[BlackTeam "Slavonski Brod Dakovic"]
[WhiteTeamCountry "CRO"]
[BlackTeamCountry "CRO"]

1. e4 c5 2. Nf3 e6 3. Nc3 a6 4. g3 Nc6 5. Bg2 Nf6 6. 0-0 d6 7. d3 Be7 8. Bd2 0-0 9. h3 d5 10. Nh2 dxe4 11. dxe4 Bd7 12. f4 Be8 13. e5 Nd5 14. Nxd5 exd5 15. Ng4 d4 16. f5 f6 17. e6 Qb6 18. Nf2 c4 19. b3 cxb3 20. axb3 Ne5 21. Kh2 Bc6 22. Ne4 Rac8 23. Rf4 Bb4 24. Bxb4 Qxb4 25. Nf2 Bxg2 26. Kxg2 Qc5 27. Ra2 Rfd8 28. h4 Qd5+ 29. Kh3 Rc7 1/2-1/2

[Event "Split op 9th"]
[Site "Split"]
[Date "2019.08.05"]
[Round "3"]
[White "Levacic, Patrick"]
[Black "Dijkhuis, Tycho"]
[Result "1/2-1/2"]
[WhiteElo "2253"]
[BlackElo "2395"]
[PlyCount "129"]
[EventDate "2019.08.03"]
[EventType "swiss"]
[EventRounds "9"]
[EventCountry "CRO"]
[SourceTitle "CBM 191 Extra"]
[Source "ChessBase"]
[SourceDate "2019.09.30"]
[SourceVersion "1"]
[SourceVersionDate "2019.09.30"]
[SourceQuality "1"]

1. a3 g6 2. e4 Bg7 3. Bc4 d6 4. Nc3 Nf6 5. d3 0-0 6. Nge2 a6 7. 0-0 b5 8. Ba2 Bb7 9. f4 c5 10. Qe1 Nbd7 11. Qh4 Rc8 12. f5 b4 13. Nd1 d5 14. Nf2 Qb6 15. Be3 dxe4 16. dxe4 a5 17. Ng3 Qc6 18. axb4 axb4 19. Bb3 Ra8 20. Bc4 Ne5 21. Be2 Rxa1 22. Rxa1 c4 23. Bd4 Ned7 24. Bf3 e5 25. fxe6 fxe6 26. Rd1 e5 27. Be3 Qa4 28. Rc1 Qa2 29. Nd1 Qa5 30. Qg5 Nc5 31. Bxc5 Qxc5+ 32. Qe3 Qd4 33. c3 Qxe3+ 34. Nxe3 Bh6 35. Re1 Bxe3+ 36. Rxe3 b3 37. Re1 Rd8 38. Be2 Ba6 39. Ra1 Bb5 40. Ra5 Be8 41. Bxc4+ Bf7 42. Bxf7+ Kxf7 43. Rxe5 Rd1+ 44. Nf1 Rb1 45. Rb5 Rxb2 46. Rb7+ Ke6 47. Rb6+ Ke7 48. Rb7+ Ke6 49. Rb6+ Ke7 50. Rb7+ Kd8 51. Rb4 Ng4 52. h3 Ne5 53. Rd4+ Ke7 54. Nd2 Rc2 55. Nxb3 Rxc3 56. Nd2 Ra3 57. Rd5 Nd7 58. Rb5 Nf6 59. Rb7+ Ke6 60. Rb6+ Ke7 61. Rb7+ Ke6 62. Kh2 Ra2 63. Rb6+ Ke7 64. e5 Nd7 65. Rd6 1/2-1/2

[Event "Topusko Amateur op 6th"]
[Site "Topusko"]
[Date "2017.08.17"]
[Round "7"]
[White "Levacic, Patrick"]
[Black "Grbac, Boris"]
[Result "1-0"]
[WhiteElo "2285"]
[BlackElo "2140"]
[PlyCount "83"]
[EventDate "2017.08.12"]
[EventType "swiss"]
[EventRounds "9"]
[EventCountry "CRO"]
[SourceTitle "CBM 180 Extra"]
[Source "ChessBase"]
[SourceDate "2017.10.06"]
[SourceVersion "1"]
[SourceVersionDate "2017.10.06"]
[SourceQuality "1"]

1. e4 c5 2. Nf3 d6 3. Bc4 Nf6 4. Qe2 Nc6 5. h3 e6 6. Bb3 Be7 7. c3 Qc7 8. 0-0 Bd7 9. d4 e5 10. d5 Na5 11. Bc2 b6 12. c4 0-0 13. Nc3 a6 14. a4 Qc8 15. Ra3 Ne8 16. Nh2 Nb7 17. f4 f6 18. Nd1 exf4 19. Bxf4 Nd8 20. Ne3 Nf7 21. Nf5 Bxf5 22. exf5 Ne5 23. Ng4 Ra7 24. Nf2 Rf7 25. Ne4 Bf8 26. Ng3 Rae7 27. Re3 Qb7 28. Nh5 Kh8 29. Be4 Qd7 30. b3 a5 31. Bc2 Qb7 32. Bh2 Nd7 33. Nf4 Rxe3 34. Qxe3 Ne5 35. Ne6 Qe7 36. Bd1 g6 37. fxg6 hxg6 38. Be2 Kh7 39. h4 Bh6 40. Qh3 f5 41. h5 Qf6 42. hxg6+ 1-0

[Event "Topusko Amateur op 6th"]
[Site "Topusko"]
[Date "2017.08.12"]
[Round "1"]
[White "Jusufi, Denis"]
[Black "Levacic, Patrick"]
[Result "0-1"]
[WhiteElo "1952"]
[BlackElo "2285"]
[PlyCount "100"]
[EventDate "2017.08.12"]
[EventType "swiss"]
[EventRounds "9"]
[EventCountry "CRO"]
[SourceTitle "CBM 180 Extra"]
[Source "ChessBase"]
[SourceDate "2017.10.06"]
[SourceVersion "1"]
[SourceVersionDate "2017.10.06"]
[SourceQuality "1"]

1. h3 e5 2. a3 Nc6 3. e3 d5 4. b4 Bd6 5. Bb2 Nf6 6. c4 dxc4 7. Bxc4 0-0 8. Nf3 a6 9. Qc2 Bd7 10. Nc3 b5 11. Be2 Ne7 12. Rc1 c6 13. Ng5 a5 14. Nce4 Nxe4 15. Nxe4 Bf5 16. Bd3 Bg6 17. Nxd6 Qxd6 18. Bxg6 hxg6 19. Qc5 Qxc5 20. Rxc5 f6 21. 0-0 axb4 22. axb4 Rfd8 23. Bc3 Kf7 24. Ra1 Rxa1+ 25. Bxa1 Rxd2 26. Rc1 Ke6 27. Bc3 Rd3 28. Be1 e4 29. Kf1 Ra3 30. g3 Ra2 31. h4 Ra6 32. Kg2 Nd5 33. Kf1 Kd6 34. Kg1 Ra4 35. Rd1 Ke6 36. Rb1 Kf5 37. Rc1 Ra6 38. Kg2 Kg4 39. Rc2 g5 40. hxg5 Kxg5 41. Bd2 Kg4 42. Be1 g5 43. Bd2 f5 44. Rb2 Nb6 45. Bc3 Nc4 46. Rb1 Ra2 47. Bd4 Rd2 48. Bc5 Nb2 49. Rf1 Nd1 50. Kg1 Kf3 0-1

[Event "Bosnjaci op 22nd"]
[Site "Bosnjaci"]
[Date "2017.01.07"]
[Round "7"]
[White "Levacic, Patrick"]
[Black "Mrkonjic, Nenad"]
[Result "1/2-1/2"]
[WhiteElo "2291"]
[BlackElo "2360"]
[PlyCount "45"]
[EventDate "2017.01.03"]
[EventType "swiss"]
[EventRounds "9"]
[EventCountry "CRO"]
[SourceTitle "CBM 176 Extra"]
[Source "ChessBase"]
[SourceDate "2017.03.02"]
[SourceVersion "1"]
[SourceVersionDate "2017.03.02"]
[SourceQuality "1"]

1. e4 e5 2. Nf3 Nc6 3. Bc4 Bc5 4. 0-0 d6 5. c3 Qe7 6. a4 a5 7. d4 Bb6 8. Bb5 Bd7 9. Na3 Nf6 10. Bg5 h6 11. Bxf6 Qxf6 12. Nc4 exd4 13. Nxb6 cxb6 14. Nxd4 0-0 15. Nc2 Rfe8 16. f3 Qe5 17. Ne3 Qc5 18. Re1 Be6 19. Kh1 Kf8 20. Qd2 Re7 21. f4 f6 22. Qd3 Rd8 23. Rad1 1/2-1/2

[Event "Bosnjaci op 22nd"]
[Site "Bosnjaci"]
[Date "2017.01.04"]
[Round "3"]
[White "Bogdanic, Katarina"]
[Black "Levacic, Patrick"]
[Result "1/2-1/2"]
[WhiteElo "1909"]
[BlackElo "2291"]
[PlyCount "36"]
[EventDate "2017.01.03"]
[EventType "swiss"]
[EventRounds "9"]
[EventCountry "CRO"]
[SourceTitle "CBM 176 Extra"]
[Source "ChessBase"]
[SourceDate "2017.03.02"]
[SourceVersion "1"]
[SourceVersionDate "2017.03.02"]
[SourceQuality "1"]

1. c4 g6 2. g3 Bg7 3. Bg2 e5 4. Nc3 Nc6 5. d3 d6 6. Nf3 f5 7. 0-0 Nf6 8. Rb1 0-0 9. b4 h6 10. b5 Ne7 11. a4 Be6 12. Ba3 Rc8 13. c5 Ned5 14. Nxd5 Nxd5 15. Qd2 e4 16. dxe4 Nc3 17. Rbc1 dxc5 18. Qc2 Nxe4 1/2-1/2

[Event "CRO-chT1B"]
[Site "Bol"]
[Date "2014.10.07"]
[Round "4.2"]
[White "Levacic, Patrick"]
[Black "Csonka, Attila Istvan"]
[Result "0-1"]
[WhiteElo "2327"]
[BlackElo "2331"]
[PlyCount "126"]
[EventDate "2014.10.04"]
[EventType "team-tourn"]
[EventRounds "9"]
[EventCountry "CRO"]
[SourceTitle "CBM 162 Extra"]
[Source "ChessBase"]
[SourceDate "2014.10.17"]
[SourceVersion "1"]
[SourceVersionDate "2014.10.17"]
[SourceQuality "1"]
[WhiteTeam "Zadar"]
[BlackTeam "Strigova Stridon"]
[WhiteTeamCountry "CRO"]
[BlackTeamCountry "CRO"]

1. e4 c5 2. Nf3 e6 3. d3 Nc6 4. g3 d5 5. Qe2 d4 6. Bg2 e5 7. 0-0 Be7 8. Nbd2 Be6 9. Nc4 Bf6 10. Ne1 b5 11. Na3 a6 12. f4 Nge7 13. f5 Bd7 14. Nf3 Nc8 15. Bd2 Nb6 16. h4 h6 17. Qf2 Qc7 18. c3 Be7 19. Nc2 Qd6 20. cxd4 cxd4 21. Rfc1 Rc8 22. g4 b4 23. a3 b3 24. Nb4 Nxb4 25. Bxb4 Qb8 26. Qd2 Rxc1+ 27. Rxc1 Na4 28. Bxe7 Kxe7 29. Qa5 f6 30. Nd2 Qb5 31. Qxb5 axb5 32. Nxb3 Rc8 33. Rxc8 Bxc8 34. Bf1 Nxb2 35. Na1 Bd7 36. Nc2 Be8 37. Be2 Bf7 38. Kf2 Bb3 39. Nb4 Na4 40. Ke1 Nc3 41. Kd2 Kd6 42. Bf3 Kc5 43. Kc1 Kd6 44. Na6 Kc6 45. Nb4+ Kb6 46. Kd2 Ka5 47. Kc1 Ka4 48. Kb2 Bd1 49. Bg2 Bxg4 50. Na6 Nd1+ 51. Ka2 Ne3 52. Bh1 Be2 53. Nc5+ Ka5 54. Nb3+ Kb6 55. Nc1 Bd1 56. Kb2 b4 57. axb4 Kb5 58. Na2 Ka4 59. b5 Kxb5 60. Ka3 Nc2+ 61. Kb2 Ne1 62. Nc1 Ka4 63. Ka1 Ka3 0-1

[Event "CRO-chT1B"]
[Site "Bol"]
[Date "2014.10.04"]
[Round "1.3"]
[White "Rogic, Davor"]
[Black "Levacic, Patrick"]
[Result "1-0"]
[WhiteElo "2555"]
[BlackElo "2327"]
[PlyCount "147"]
[EventDate "2014.10.04"]
[EventType "team-tourn"]
[EventRounds "9"]
[EventCountry "CRO"]
[SourceTitle "CBM 162 Extra"]
[Source "ChessBase"]
[SourceDate "2014.10.17"]
[SourceVersion "1"]
[SourceVersionDate "2014.10.17"]
[SourceQuality "1"]
[WhiteTeam "Slavonski Brod"]
[BlackTeam "Zadar"]
[WhiteTeamCountry "CRO"]
[BlackTeamCountry "CRO"]

1. e4 e6 2. d4 d5 3. Nd2 Ne7 4. Ngf3 Nd7 5. Bd3 g6 6. 0-0 Bg7 7. Re1 0-0 8. c3 c5 9. exd5 exd5 10. dxc5 Nxc5 11. Nb3 Ne6 12. Be3 Nc6 13. Bf1 Qd6 14. Qd2 Rd8 15. Rad1 Qf8 16. g3 b6 17. Bg2 Bb7 18. Qe2 Rd7 19. Nbd4 Nc5 20. Nxc6 Bxc6 21. Bd4 Bxd4 22. Nxd4 Bb7 23. Nc2 Ba6 24. Qe3 Rad8 25. Nb4 Bb7 26. Qe5 Qg7 27. Bh3 Qxe5 28. Rxe5 f5 29. Rd4 a5 30. Nc2 Kf7 31. Bg2 Ne6 32. Rd1 f4 33. Bh3 Rd6 34. Bxe6+ Rxe6 35. gxf4 Rf6 36. Rd4 Rf8 37. Ne3 Kg8 38. Nxd5 Bxd5 39. Rexd5 Rxf4 40. Rxf4 Rxf4 41. Rd6 b5 42. Rd5 b4 43. Rxa5 bxc3 44. bxc3 Rc4 45. Ra3 h5 46. Rb3 Kf7 47. Kf1 Rh4 48. Kg2 Rg4+ 49. Kf3 Rh4 50. Kg3 Rg4+ 51. Kh3 Rf4 52. Kg2 Rg4+ 53. Kh1 Re4 54. Rb2 Re1+ 55. Kg2 Rc1 56. a4 Rxc3 57. Ra2 Rc6 58. a5 Ra6 59. Kf3 g5 60. Ke4 Ke6 61. Ra4 g4 62. Kf4 Kf6 63. Ra3 Kg6 64. Ke5 h4 65. Kf4 Kh5 66. Kf5 h3 67. Ra4 Ra8 68. a6 Rf8+ 69. Ke5 Rxf2 70. a7 Re2+ 71. Kf6 Re8 72. a8Q Rxa8 73. Rxa8 g3 74. Kf5 1-0

[Event "CRO-chT qual"]
[Site "Nasice"]
[Date "2013.11.30"]
[Round "1"]
[White "Muslija, Idris"]
[Black "Levacic, Patrick"]
[Result "1/2-1/2"]
[WhiteElo "2281"]
[BlackElo "2310"]
[PlyCount "58"]
[EventDate "2013.11.30"]
[EventType "team-tourn"]
[EventRounds "3"]
[EventCountry "CRO"]
[SourceTitle "CBM 157 Extra"]
[Source "ChessBase"]
[SourceDate "2013.12.19"]
[SourceVersion "1"]
[SourceVersionDate "2013.12.19"]
[SourceQuality "1"]

1. d4 Nf6 2. c4 g6 3. Nc3 Bg7 4. Nf3 0-0 5. Bg5 c5 6. d5 b5 7. cxb5 a6 8. b6 Qxb6 9. Qd2 d6 10. e4 Nbd7 11. Bd3 h6 12. Bf4 Rb8 13. Rb1 g5 14. Bg3 Nh5 15. 0-0 Qb4 16. Qc2 Nxg3 17. hxg3 Ne5 18. Nxe5 Bxe5 19. Nd1 Qd4 20. Kh1 a5 21. b3 a4 22. Qe2 axb3 23. Rxb3 Rxb3 24. axb3 Bd7 25. Ne3 Rb8 26. Nc2 Qc3 27. Bc4 Ra8 28. Ne3 Qd4 29. Qf3 Ra1 1/2-1/2

[Event "CRO-chT2S"]
[Site "Makarska"]
[Date "2013.11.09"]
[Round "8.3"]
[White "Popovic, Ivo"]
[Black "Levacic, Patrick"]
[Result "1/2-1/2"]
[WhiteElo "2215"]
[BlackElo "2310"]
[PlyCount "52"]
[EventDate "2013.04.05"]
[EventType "team-tourn"]
[EventRounds "9"]
[EventCountry "CRO"]
[SourceTitle "EXT 2014"]
[Source "ChessBase"]
[SourceDate "2013.11.20"]
[SourceVersion "1"]
[SourceVersionDate "2013.11.20"]
[SourceQuality "1"]
[WhiteTeam "Omis"]
[BlackTeam "Zadar"]
[WhiteTeamCountry "CRO"]
[BlackTeamCountry "CRO"]

1. c4 e5 2. Nc3 Nf6 3. g3 Bb4 4. Bg2 0-0 5. Nf3 d6 6. 0-0 a6 7. d3 h6 8. a3 Bc5 9. h3 Ba7 10. e4 Nc6 11. Rb1 Nh7 12. b4 Be6 13. Be3 Qd7 14. Kh2 Ne7 15. Nd5 Ng6 16. d4 c6 17. dxe5 cxd5 18. cxd5 Bxe3 19. fxe3 Nxe5 20. Nxe5 dxe5 21. Qb3 Bg4 22. hxg4 Qxg4 23. Rf5 Ng5 24. Qd3 Rad8 25. Rbf1 Rd6 26. Qd1 Qxd1 1/2-1/2

[Event "CRO-chT2S"]
[Site "Makarska"]
[Date "2013.10.05"]
[Round "5.3"]
[White "Trkulja, Goran"]
[Black "Levacic, Patrick"]
[Result "0-1"]
[WhiteElo "2376"]
[BlackElo "2310"]
[PlyCount "44"]
[EventDate "2013.04.05"]
[EventType "team-tourn"]
[EventRounds "9"]
[EventCountry "CRO"]
[SourceTitle "EXT 2014"]
[Source "ChessBase"]
[SourceDate "2013.11.20"]
[SourceVersion "1"]
[SourceVersionDate "2013.11.20"]
[SourceQuality "1"]
[WhiteTeam "Klis Sveti Vid"]
[BlackTeam "Zadar"]
[WhiteTeamCountry "CRO"]
[BlackTeamCountry "CRO"]

1. e4 e6 2. d4 d5 3. Nc3 Bb4 4. e5 c5 5. a3 Bxc3+ 6. bxc3 Ne7 7. Nf3 Bd7 8. h4 Nbc6 9. h5 h6 10. Rh4 Qc7 11. Bd3 0-0-0 12. Rg4 Rdg8 13. a4 f6 14. exf6 gxf6 15. Rxg8+ Rxg8 16. Bf1 e5 17. dxc5 Bg4 18. Qd2 Qa5 19. Rb1 Qxa4 20. Bd3 e4 21. Bb5 exf3 22. gxf3 Bxf3 0-1

[Event "FRA-chT Top 16 Gp Haute"]
[Site "Le Port Marly"]
[Date "2009.05.29"]
[Round "9"]
[White "Fischer, Marc"]
[Black "Levacic, Patrick"]
[Result "1/2-1/2"]
[WhiteElo "2213"]
[BlackElo "2307"]
[PlyCount "68"]
[EventDate "2009.05.28"]
[EventType "team"]
[EventRounds "11"]
[EventCountry "FRA"]
[SourceTitle "CBM 130 Extra"]
[Source "ChessBase"]
[SourceDate "2009.07.02"]
[SourceVersion "2"]
[SourceVersionDate "2009.07.15"]
[SourceQuality "1"]

1. Nf3 Nf6 2. g3 g6 3. Bg2 Bg7 4. c4 d6 5. Nc3 0-0 6. 0-0 e5 7. d3 Nc6 8. Rb1 a5 9. a3 h6 10. b4 axb4 11. axb4 Be6 12. e4 Nh7 13. Nd5 Ng5 14. Nxg5 hxg5 15. Qd2 g4 16. Qg5 Bxd5 17. Qxd8 Rfxd8 18. cxd5 Nd4 19. Bb2 Nb5 20. Ra1 b6 21. h3 Bh6 22. Rfd1 Rxa1 23. Rxa1 gxh3 24. Bxh3 Bd2 25. Ra4 Kf8 26. f4 Be3+ 27. Kg2 Bd4 28. Bxd4 Nxd4 29. Bg4 Ke7 30. Ra1 Rb8 31. Kf2 Rb7 32. Bc8 Rb8 33. Bg4 Rb7 34. Bc8 Rb8 1/2-1/2

[Event "FRA-chT1B 0708"]
[Site "France"]
[Date "2007.10.21"]
[Round "1.3"]
[White "Levacic, Patrick"]
[Black "Andonov, Bogomil"]
[Result "1/2-1/2"]
[WhiteElo "2292"]
[BlackElo "2361"]
[PlyCount "82"]
[EventDate "2007.10.21"]
[EventType "team"]
[EventRounds "11"]
[EventCountry "FRA"]
[SourceTitle "EXT 2009"]
[Source "ChessBase"]
[SourceDate "2008.11.26"]
[SourceVersion "1"]
[SourceVersionDate "2008.11.26"]
[SourceQuality "1"]
[WhiteTeam "Cannes II"]
[BlackTeam "Grasse"]
[WhiteTeamCountry "FRA"]
[BlackTeamCountry "FRA"]

1. e4 c5 2. Nf3 Nc6 3. Bb5 Nf6 4. Nc3 g6 5. e5 Ng4 6. Qe2 Bg7 7. Bxc6 dxc6 8. h3 Nh6 9. g4 0-0 10. d3 f5 11. g5 Nf7 12. e6 Nd6 13. Bf4 Ne8 14. h4 Nc7 15. h5 Nxe6 16. Be5 Bxe5 17. Qxe5 Nd4 18. Nxd4 Qxd4 19. Qh2 Qg7 20. hxg6 hxg6 21. 0-0-0 e5 22. Rde1 Re8 23. f4 Be6 24. Re3 Kf8 25. fxe5 Ke7 26. Rh3 Bg8 27. Re1 Kd7 28. Qf4 b6 29. a3 Re6 30. b4 Rae8 31. Rhe3 Qe7 32. b5 c4 33. bxc6+ Rxc6 34. d4 Qxa3+ 35. Kd2 Qa5 36. Rb1 a6 37. Ree1 b5 38. Ra1 Qb4 39. Reb1 Qe7 40. d5 Rb6 41. Qe3 Qxe5 1/2-1/2

[Event "Zadar op-A 13th"]
[Site "Zadar"]
[Date "2006.12.15"]
[Round "7"]
[White "Levacic, Patrick"]
[Black "Mandekic, Ivan"]
[Result "1/2-1/2"]
[WhiteElo "2309"]
[BlackElo "2254"]
[PlyCount "79"]
[EventDate "2006.12.11"]
[EventType "swiss"]
[EventRounds "9"]
[EventCountry "CRO"]
[SourceTitle "CBM 115 Extra"]
[Source "ChessBase"]
[SourceDate "2007.01.10"]
[SourceVersion "1"]
[SourceVersionDate "2007.01.10"]
[SourceQuality "1"]

1. e4 c6 2. Nc3 d5 3. Qf3 d4 4. Bc4 e6 5. Nce2 a6 6. Qg3 c5 7. a3 Nc6 8. f4 Nf6 9. d3 h5 10. h3 h4 11. Qf2 Be7 12. Nf3 b5 13. Ba2 Bb7 14. 0-0 Qb6 15. Ng5 c4 16. Bd2 Bc5 17. b4 cxb3 18. Bxb3 0-0-0 19. f5 Ne5 20. Bf4 Nc4 21. Bxc4 bxc4 22. Rab1 Qc6 23. fxe6 fxe6 24. Nf7 Nxe4 25. Nxd8 Rxd8 26. Qf3 Nc3 27. Qxc6+ Bxc6 28. Rb8+ Kd7 29. Rxd8+ Kxd8 30. Re1 Ba4 31. Nxc3 dxc3+ 32. Be3 cxd3 33. cxd3 Bxe3+ 34. Rxe3 c2 35. Re1 Bb5 36. d4 Be2 37. Rc1 Bd1 38. Kf2 Kd7 39. Ke3 Kd6 40. Kd3 1/2-1/2

[Event "Zadar op-A 13th"]
[Site "Zadar"]
[Date "2006.12.12"]
[Round "2"]
[White "Levacic, Patrick"]
[Black "Franic, Milan"]
[Result "0-1"]
[WhiteElo "2309"]
[BlackElo "2402"]
[PlyCount "71"]
[EventDate "2006.12.11"]
[EventType "swiss"]
[EventRounds "9"]
[EventCountry "CRO"]
[SourceTitle "CBM 115 Extra"]
[Source "ChessBase"]
[SourceDate "2007.01.10"]
[SourceVersion "1"]
[SourceVersionDate "2007.01.10"]
[SourceQuality "1"]

1. e4 c5 2. Nf3 d6 3. Bb5+ Bd7 4. Bxd7+ Qxd7 5. 0-0 Nf6 6. Re1 e6 7. d4 cxd4 8. Nxd4 Nc6 9. c4 Be7 10. Nc3 0-0 11. b3 Rfc8 12. Bb2 a6 13. Nc2 Qc7 14. Ne3 Qa5 15. a4 Rd8 16. Kh1 Rac8 17. f4 Nd7 18. Ne2 Bf6 19. Bxf6 Nxf6 20. Ng3 Qb4 21. Rb1 d5 22. exd5 exd5 23. Nxd5 Nxd5 24. cxd5 Qxf4 25. Qh5 g6 26. Qh3 Ne5 27. Ne4 Kg7 28. b4 Ng4 29. Qg3 Qxg3 30. Nxg3 Rc7 31. Ne4 Rxd5 32. h3 Ne5 33. Nc5 a5 34. Ne4 Nd3 35. Red1 Rc4 36. Rb3 0-1

[Event "CRO-chT 15th"]
[Site "Sibenik"]
[Date "2006.10.02"]
[Round "11"]
[White "Levacic, Patrick"]
[Black "Martinovic, Sasa"]
[Result "0-1"]
[WhiteElo "2309"]
[BlackElo "2367"]
[PlyCount "82"]
[EventDate "2006.09.22"]
[EventType "team"]
[EventRounds "11"]
[EventCountry "CRO"]
[SourceTitle "CBM 114 Extra"]
[Source "ChessBase"]
[SourceDate "2006.11.03"]
[SourceVersion "1"]
[SourceVersionDate "2006.11.03"]
[SourceQuality "1"]

1. e4 c5 2. Nf3 Nc6 3. Bb5 e6 4. 0-0 Nge7 5. b3 Ng6 6. Re1 Be7 7. Ba3 e5 8. Nc3 0-0 9. Nd5 d6 10. Bc4 a6 11. c3 b5 12. Bd3 Bg4 13. Ne3 Be6 14. Bc2 Nf4 15. d4 cxd4 16. cxd4 Nxd4 17. Nxd4 exd4 18. Qxd4 Bf6 19. Qxd6 Bxa1 20. Qxf4 Qa5 21. Rxa1 Qxa3 22. e5 Rac8 23. Rf1 Qxa2 24. Qe4 g6 25. h4 Rfd8 26. h5 Bf5 27. Nxf5 gxf5 28. Qf4 Qxc2 29. Qg5+ Kf8 30. Qh6+ Ke8 31. e6 Qc3 32. Qxh7 fxe6 33. h6 Qf6 34. Re1 Qf7 35. Qh8+ Ke7 36. Qa1 Rd6 37. Qe5 Qf6 38. Qe3 Rcd8 39. h7 Qg7 40. Qh3 Rh8 41. Qh4+ Kd7 0-1

[Event "CRO-chT 15th"]
[Site "Sibenik"]
[Date "2006.09.25"]
[Round "4"]
[White "Levacic, Patrick"]
[Black "Bukal, Vladimir Jr"]
[Result "1/2-1/2"]
[WhiteElo "2309"]
[BlackElo "2407"]
[PlyCount "42"]
[EventDate "2006.09.22"]
[EventType "team"]
[EventRounds "11"]
[EventCountry "CRO"]
[SourceTitle "CBM 114 Extra"]
[Source "ChessBase"]
[SourceDate "2006.11.03"]
[SourceVersion "1"]
[SourceVersionDate "2006.11.03"]
[SourceQuality "1"]

1. e4 c5 2. Nf3 d6 3. b3 Nf6 4. Nc3 g6 5. Bb2 Bg7 6. Nd5 0-0 7. Nxf6+ exf6 8. Bd3 Nc6 9. 0-0 Nb4 10. Be2 Re8 11. d3 f5 12. Bxg7 Kxg7 13. Nd2 Qf6 14. exf5 Bxf5 15. Bf3 Qc3 16. g4 Be6 17. Ne4 Qe5 18. Qd2 Nc6 19. g5 Bd5 20. Rae1 Bxe4 21. Bxe4 Qb2 1/2-1/2

[Event "CRO-chT 15th"]
[Site "Sibenik"]
[Date "2006.09.24"]
[Round "3"]
[White "Plenkovic, Zdenko"]
[Black "Levacic, Patrick"]
[Result "1/2-1/2"]
[WhiteElo "2325"]
[BlackElo "2309"]
[PlyCount "34"]
[EventDate "2006.09.22"]
[EventType "team"]
[EventRounds "11"]
[EventCountry "CRO"]
[SourceTitle "CBM 114 Extra"]
[Source "ChessBase"]
[SourceDate "2006.11.03"]
[SourceVersion "1"]
[SourceVersionDate "2006.11.03"]
[SourceQuality "1"]

1. Nf3 Nf6 2. c4 g6 3. g3 Bg7 4. Bg2 0-0 5. 0-0 d6 6. Nc3 e5 7. d3 Nc6 8. Rb1 a5 9. a3 Re8 10. Ng5 h6 11. Nge4 Nh7 12. f4 f5 13. Nf2 Nd4 14. Kh1 c6 15. Bd2 Bd7 16. b4 axb4 17. axb4 h5 1/2-1/2